| Tag |
First Indicator |
Second Indicator |
Subfields |
| LEADER |
00000cas a22000007a 4500 |
| 001 |
in00003517849 |
| 005 |
20151206125029.0 |
| 008 |
861223d184618uumauwr ne 0 a0eng d |
| 010 |
|
|
|a sn 86083447
|
| 022 |
0 |
|
|a 1053-511X
|l 1053-511X
|2 1
|
| 029 |
1 |
|
|a AU@
|b 000025821699
|
| 035 |
|
|
|a (OCoLC)ocm15003157
|
| 035 |
|
|
|a (OCoLC)15003157
|
| 040 |
|
|
|a NPH
|b eng
|c NPH
|d NSD
|d MGN
|d NVF
|d OCLCQ
|d OCLCG
|d OCLCQ
|d BTS
|d OCLCQ
|d OCLCO
|d OCLCF
|d TXA
|d UtOrBLW
|
| 042 |
|
|
|a msc
|a nsdp
|
| 049 |
|
|
|a TXAM
|
| 082 |
1 |
0 |
|a 286
|2 12
|
| 210 |
0 |
|
|a Advent her.
|
| 222 |
|
0 |
|a Advent herald
|
| 245 |
0 |
0 |
|a Advent herald.
|
| 264 |
|
1 |
|a Boston [Mass.] :
|b J.V. Himes.
|
| 310 |
|
|
|a Weekly
|
| 336 |
|
|
|a text
|b txt
|2 rdacontent
|
| 337 |
|
|
|a unmediated
|b n
|2 rdamedia
|
| 338 |
|
|
|a volume
|b nc
|2 rdacarrier
|
| 362 |
0 |
|
|a Vol. 11, no. 1 (Feb. 11, 1846)- = whole no. 249-
|
| 500 |
|
|
|a Published simultaneously in New York, 1846-<1847>.
|
| 500 |
|
|
|a Published by the American Millennial Association, <1869-1873>.
|
| 650 |
|
0 |
|a Millennialism
|v Periodicals.
|
| 650 |
|
7 |
|a Millennialism.
|2 fast
|0 (OCoLC)fst01021768
|
| 655 |
|
7 |
|a Periodicals.
|2 fast
|0 (OCoLC)fst01411641
|
| 700 |
1 |
|
|a Himes, Joshua V.
|q (Joshua Vaughan),
|d 1805-1895.
|
| 710 |
2 |
|
|a American Millennial Association.
|
| 752 |
|
|
|a United States
|b Massachusetts
|c Suffolk
|d Boston.
|
| 752 |
|
|
|a United States
|b New York
|c New York
|d New York.
|
| 780 |
0 |
0 |
|t Advent herald, and morning watch
|w (DLC)sn 90000508
|
| 785 |
0 |
0 |
|t Messiah's herald
|
| 948 |
|
|
|a cataloged
|b h
|c 2015/1/5
|d c
|e spoltoratski
|f 10:14:36 am
|g sc
|
| 994 |
|
|
|a C0
|b TXA
|
| 999 |
|
|
|a MARS
|
| 999 |
f |
f |
|s b5b7a173-6a81-3683-b0a2-8289e683eb20
|i ce67f488-3f4e-389f-abe8-c0b9e03b7a69
|t 0
|
| 952 |
f |
f |
|a Texas A&M University
|b College Station
|c Electronic Resources
|d Available Online
|t 0
|g Electronic
|h No information provided
|
| 998 |
f |
f |
|t 0
|l Available Online
|